Rozpoznaj polską stolicę województw po odległości od Warszawy - Statystyki

Ogólne statystyki
  • Ten quiz został rozwiązany 25 razy
    13 od ostatniego zresetowania
  • Średni wynik to 10 z 13
Statystyki odpowiedzi
Odległość Kierunek Miasto % Poprawnych
123km Zachód Łódź
92%
290km Północ Gdynia/Gdańsk
85%
153km Płd-Wschód Lublin
85%
175km Płn-wschód Białystok
77%
160km Południe Kielce
77%
250km Południe Kraków
77%
170km Północ Olsztyn
77%
275km Zachód Poznań
77%
255km Płd-Wschód Rzeszów
77%
185km Płn-zachód Toruń
77%
220km Płn-zachód Bydgoszcz
69%
260km Południe Katowice
69%
275km Południe Opole
54%
Nie znaleziono quizów pasujących do podanych kryteriów
Rozkład punktacji
Procent ludzi z każdym wynikiem
Percentyl według liczby udzielonych odpowiedzi
Twoja historia wyników
Nie rozwiązałeś tego quizu od ostatniego zresetowania